| 000 | 01255njm a2200313Ia 4500 | ||
|---|---|---|---|
| 001 | 20546 | ||
| 003 | IT-RoPAU | ||
| 005 | 20220918181154.0 | ||
| 008 | 131025s9999 xx 000 0 und d | ||
| 040 | _aIT-RoPAU | ||
| 040 | _cIT-RoPAU | ||
| 041 | _aITALIANO | ||
| 999 |
_c102409 _d102409 |
||
| 999 | _bn.d. | ||
| 100 |
_aDi Mario Angelo _9853 |
||
| 100 |
_eAutore musica _92085 |
||
| 100 |
_gCodice autore musica SPICS: 10868 _9855 |
||
| 245 | _aUn anno di festa (Lp Srb 30.82) | ||
| 250 | _a1a ed. | ||
| 260 | _aALBANO | ||
| 260 |
_bEP - MUSICALI E DISCOGRAFICHE _c1982 [1a Ed.:1982 - Ed. Lingua Orig.: 1982] |
||
| 300 | _aDISCO | ||
| 300 | _c44 minuti (Testo: pag.) | ||
| 500 | _aCanti per bambini. Scuola, Natale, carnevale, Pasqua, festa della mamma, stagioni | ||
| 505 | _aTutti a scuola - Aria d'autunno - Madonnina tutta bianca - La canzone dell'inverno - La verità di Natale - Carnevale - E' primavera - Pasqua d'amore - E' la tua festa, mamma - Il canto dell'estate - Si chiude la scuola - W le vacanze | ||
| 511 | _aCoro "Le Piccole Voci" di Angelo di Mario | ||
| 650 |
_aCANTI BAMBINI [DISCHI] _eCodice MATERIA SPICS: 9950 _92086 |
||
| 700 |
_aTombolato Pino _eAutore testo e musica _gCodice autore testo/musica SPICS: 10145 _92087 |
||
| 942 |
_cMD _2ddc |
||